| 000 | 00478nam a2200169Ia 4500 | ||
|---|---|---|---|
| 008 | 131103s9999 xx 000 0 und d | ||
| 040 | _aLoreto College | ||
| 041 | _aEnglish | ||
| 082 |
_a824.8/ARN _b- TRI/824.85/ARN LCLIB/ |
||
| 100 | _aTrilling,Lionel | ||
| 245 |
_aMethew Arnold _cLionel Trilling |
||
| 260 |
_aLondon _bGeorge Allen _c1955 |
||
| 300 |
_axvi,465 p.[9] _c 22 cm. |
||
| 504 | _aIncludes bibliographical references and index | ||
| 850 | _aLCLIB | ||
| 942 | _cBK | ||
| 999 |
_c5044 _d55523 |
||